000 00567 a2200145 4500
245 _aDe profectione Ludovici VII in orientem
_b : Journey of Louis VII
_hprint
650 _aliterature
005 20191021095747.0
260 _anyu
_bColumbia Univ. Press
_c1948
084 _aD162.1 .O3 1948a
300 _axliv, 154 p. maps, facsim. 23 cm.
_bxliv, 154 p. maps, facsim. 23 cm.
_cxliv, 154 p. maps, facsim. 23 cm.
500 _aby Virginia Gingerick Berry [editor]
490 _aRecords of civilization: sources and studies, no. 42
999 _c12643
_d12643